Karl Marx, Friedrich Engels : Werke : Das Kapital : Erster Band /

Guardado en:
Detalles Bibliográficos
Autor principal: Marx, Karl (autor)
Otros autores: Engels, Friedrich (autor) (autor)
Formato: Libro
Idioma:Alemán
Publicado: Berlín, Alemania : Dietz, 1972, c1962
Etiquetas: Agrega una etiqueta
Sin etiquetas, Sé el primero en etiquetar este registro!

MARC

LEADER 00000nam^a2200000^a^4500
001 000573563
005 20250521000000.0
009 20260310132331.245
037 |a Acervo ITESO - Biblioteca 
041 |a ALE 
091 |a FGM. 04919 
100 |a Marx, Karl  |e (autor) 
245 1 0 |a Karl Marx, Friedrich Engels :  |b Werke : Das Kapital : Erster Band / 
264 4 |a Berlín, Alemania :  |b Dietz,  |c 1972, c1962 
300 |a 955 p. 
336 |a texto  |b txt  |2 rdacontenido 
337 |a sin mediación  |b n  |2 rdamedio 
338 |a volumen  |b nc  |2 rdasoporte 
649 |a XX 
700 |a Engels, Friedrich  |e (autor) 
910 |a Fondo Efraín González Morfín 
920 |a Impresos - Libros 
930 |a Fondos Especiales 
905 |a 130 
901 |a 0500392890  |b IT2  |c ESL  |i D87564  |u 20250521 
902 |a https://opac.biblio.iteso.mx/vufind/Record/000573563